000 00245nam a2200085Ia 4500
245 0 _aFirmin : adventures of a metropolitan lowlife
100 _a SAVAGE, Sam London, 2009
_982219
942 _cBK
008 210817s9999 xx 000 0 und d
999 _c296342
_d296340